| 000 | 00726nam a22002417a 4500 | ||
|---|---|---|---|
| 003 | UA-OsUOA | ||
| 001 | 726 | ||
| 007 | ta | ||
| 008 | 20050625b un ||||| |||| 00| 0 ukr d | ||
| 090 |
_a347.9(094) _bЦ58 |
||
| 942 | _cBK | ||
| 040 |
_aUA-OsUOA _bukr _cUA-OsUOA _dUA-OsUOA |
||
| 245 |
_aЦивільне судочинство в Україні _bНавч. посіб. |
||
| 300 | _a384 с. | ||
| 955 | _a2 | ||
| 041 | _aukr | ||
| 080 | _a347.9(094) | ||
| 020 | _a966-7920-04-6 | ||
| 260 |
_aХарків _bКонсум _c2001 |
||
| 246 | 3 | 1 |
_aзаконодавство та практика застосування _n |
| 650 | 7 |
_a347 Цивільне право. Судовий устрій _2UDC |
|
| 999 |
_c286898 _d286898 |
||